00499nam a22001577a 4500003000400000082001800004100002200022245006000044260004500104300000700149650002400156653002400180942001200204952010800216999001700324SGT a617.645bN24T aTrivedi, Snighdha aNon-Pharmacological techniques of behaviour management  aGurugram, HaryanabSGT University c2023 a55 aPediatric Dentistry aPediatric Dentistry 2ddccTH 00102ddc4071aFDbFDd2024-01-15iSGTUl0o617.645 N24TpDT1761r2024-01-15 00:00:00w2024-01-15yTH c25610d25610